[Event "AUTO-ADV-1160"]
[Site "http://www.queenalice.com/game.php?id=513669"]
[Date "2008.12.28"]
[Round "1"]
[White "Zhara"]
[Black "REUSKING"]
[Result "1-0"]
[WhiteElo "1898"]
[BlackElo "1916"]

1. e4 e5 2. Nf3 Nf6 3. d4 exd4 4. e5 Ne4 5. Qxd4 d5 6. exd6 Nxd6 7. Nc3 Nc6 8.
Qf4 g6 9. Be3 Bg7 10. O-O-O O-O 11. h4 Qf6 12. Qxf6 Bxf6 13. Nd5 Bd8 14. g3 Be6
15. Bg2 Bxd5 16. Rxd5 Bf6 17. Bf4 Rad8 18. Rhd1 Nb4 19. Bxd6 Nxd5 20. Bxf8 Kxf8
21. Ng5 c6 22. Nxh7+ Ke7 23. Re1+ Kd6 24. Bxd5 Bxb2+ 25. Kxb2 cxd5 26. Nf6 1-0

[Event "AUTO-ADV-1160"]
[Site "http://www.queenalice.com/game.php?id=513670"]
[Date "2008.12.28"]
[Round "1"]
[White "REUSKING"]
[Black "Zhara"]
[Result "0-1"]
[WhiteElo "1916"]
[BlackElo "1916"]

1. e4 e5 2. Nf3 Nc6 3. d4 exd4 4. Nxd4 Qh4 5. Nc3 Bb4 6. Nxc6 Qxe4+ 7. Qe2 Qxe2+
8. Bxe2 Bxc3+ 9. bxc3 dxc6 10. Bf4 Nf6 11. Bxc7 Nd5 12. Be5 O-O 13. O-O Re8 14.
c4 Rxe5 15. Bd3 Nf4 16. Rfe1 Nxd3 17. cxd3 Rxe1+ 18. Rxe1 Bf5 19. Re7 b6 20. d4
Kf8 21. Re5 Be6 22. d5 Rd8 23. f3 cxd5 24. cxd5 Rxd5 25. Re2 Ra5 0-1

[Event "Let's Play Chess!"]
[Site "http://www.queenalice.com/game.php?id=513881"]
[Date "2008.12.29"]
[Round "-"]
[White "Zhara"]
[Black "dtrainey"]
[Result "1-0"]
[WhiteElo "1776"]
[BlackElo "1634"]

1. e4 a6 2. Nf3 c5 3. Nc3 Nc6 4. d4 cxd4 5. Nxd4 e5 6. Nf5 g6 7. Nd6+ Bxd6 8.
Qxd6 Nge7 9. Bg5 h6 10. Bf6 Rh7 11. Nd5 Qa5+ 12. c3 Nxd5 13. exd5 1-0

[Event "Let's Play Chess!"]
[Site "http://www.queenalice.com/game.php?id=515313"]
[Date "2008.12.31"]
[Round "-"]
[White "Abstro"]
[Black "Zhara"]
[Result "0-1"]
[WhiteElo "1850"]
[BlackElo "1833"]

1. d4 Nf6 2. c4 c6 3. Nc3 d5 4. e3 g6 5. Nf3 Bg7 6. c5 O-O 7. Bd3 b6 8. b4 a5 9.
Ba3 axb4 10. Bxb4 bxc5 11. Bxc5 Nfd7 12. Bb4 c5 13. dxc5 Nc6 14. a3 Nxb4 15.
axb4 Bxc3+ 0-1

[Event "Let's Play Chess!"]
[Site "http://www.queenalice.com/game.php?id=515825"]
[Date "2009.1.2"]
[Round "-"]
[White "Kingfish"]
[Black "Zhara"]
[Result "0-1"]
[WhiteElo "1846"]
[BlackElo "1854"]

1. e4 e5 2. Nf3 Nc6 3. Bb5 a6 4. Ba4 Nf6 5. d3 d6 6. O-O Be7 7. Nc3 O-O 8. Re1
b5 9. Bb3 Na5 10. a4 Nxb3 11. cxb3 b4 12. Na2 c5 13. Be3 Bg4 14. h3 Bh5 15. Kh1
Qd7 16. Rg1 Qb7 17. g4 Bg6 18. Nh4 Nxe4 19. dxe4 Bxh4 20. f3 Bxe4 21. Rf1 Bd5
22. Nc1 f5 23. Kg2 fxg4 24. hxg4 Rxf3 25. Rxf3 Rf8 0-1

[Event "Let's Play Chess!"]
[Site "http://www.queenalice.com/game.php?id=515826"]
[Date "2009.1.2"]
[Round "-"]
[White "Zhara"]
[Black "Kingfish"]
[Result "1-0"]
[WhiteElo "1791"]
[BlackElo "1854"]

1. e4 Nf6 2. e5 Nd5 3. c4 Nb6 4. d4 d6 5. exd6 cxd6 6. Nc3 Qc7 7. Nb5 Qd7 8. Bd3
a6 9. Nc3 g6 10. c5 Qe6+ 11. Nge2 Bg7 12. cxb6 Bxd4 13. O-O Bxb6 14. Nf4 Qd7 15.
Nfd5 Qg4 16. Nxb6 1-0

[Event "AUTO-ADV-1168"]
[Site "http://www.queenalice.com/game.php?id=517477"]
[Date "2009.1.5"]
[Round "1"]
[White "Zhara"]
[Black "manucies"]
[Result "0-1"]
[WhiteElo "1838"]
[BlackElo "1622"]

1. e4 e5 2. Nf3 d6 3. d4 Nf6 4. Nc3 Bg4 5. dxe5 Bxf3 6. Qxf3 dxe5 7. Bc4 Bb4 8.
O-O Bxc3 9. Qxc3 Nc6 10. Be3 Nxe4 0-1

[Event "AUTO-ADV-1168"]
[Site "http://www.queenalice.com/game.php?id=517488"]
[Date "2009.1.5"]
[Round "1"]
[White "Zhara"]
[Black "pedrogarciass"]
[Result "0-1"]
[WhiteElo "1877"]
[BlackElo "1967"]

1. e4 e5 2. Nf3 d6 3. d4 Bg4 4. dxe5 Bxf3 5. Qxf3 dxe5 6. Bc4 Nf6 7. Qb3 Qe7 8.
Bxf7+ Qxf7 9. Qxb7 Bd6 10. Qc8+ Ke7 0-1

[Event "AUTO-ADV-1168"]
[Site "http://www.queenalice.com/game.php?id=517489"]
[Date "2009.1.5"]
[Round "1"]
[White "pedrogarciass"]
[Black "Zhara"]
[Result "1-0"]
[WhiteElo "1954"]
[BlackElo "1890"]

1. Nf3 Nc6 2. e4 e5 3. Bc4 Nf6 4. d3 Be7 5. c3 O-O 6. a3 d5 7. exd5 Nxd5 8. O-O
Nb6 9. Ba2 Bf5 10. Be3 Bxd3 11. Re1 e4 12. Bxb6 axb6 13. Nd4 Nxd4 14. cxd4 Qxd4
15. Nc3 1-0

[Event "Let's Play Chess!"]
[Site "http://www.queenalice.com/game.php?id=518684"]
[Date "2009.1.7"]
[Round "-"]
[White "CampbellMarcel"]
[Black "Zhara"]
[Result "0-1"]
[WhiteElo "1761"]
[BlackElo "1873"]

1. e4 c5 2. Nf3 d6 3. d4 cxd4 4. Nxd4 Nf6 5. Bd3 Nc6 6. Nxc6 bxc6 7. O-O e5 8.
Bg5 Rb8 9. b3 Be7 10. f4 h6 11. Bxf6 Bxf6 12. fxe5 Bxe5 13. Qf3 Qb6+ 14. Kh1
Bxa1 15. Qxf7+ Kd8 16. Na3 Qc5 17. Nc4 Rb7 18. Qg6 Be5 19. Ne3 Qxe3 0-1

[Event "Let's Play Chess!"]
[Site "http://www.queenalice.com/game.php?id=518687"]
[Date "2009.1.7"]
[Round "-"]
[White "Zhara"]
[Black "CampbellMarcel"]
[Result "1-0"]
[WhiteElo "1886"]
[BlackElo "1771"]

1. e4 d5 2. exd5 Nf6 3. Bb5+ c6 4. dxc6 bxc6 5. Be2 e5 6. Nc3 Bc5 7. Bf3 Qb6 8.
Qe2 O-O 9. Na4 Bxf2+ 10. Qxf2 Qxf2+ 11. Kxf2 e4 12. Be2 Nbd7 13. d4 Re8 14. Be3
Nd5 15. c4 Nxe3 16. Kxe3 f5 17. h4 Nf6 18. h5 Ba6 19. Nc5 Bc8 20. Nh3 h6 21. Nf4
Kf7 22. Ng6 Ng4+ 23. Bxg4 1-0

[Event "Let's Play Chess!"]
[Site "http://www.queenalice.com/game.php?id=519785"]
[Date "2009.1.9"]
[Round "-"]
[White "microcephalec"]
[Black "Zhara"]
[Result "1-0"]
[WhiteElo "1807"]
[BlackElo "1930"]

1. e4 c5 2. d4 cxd4 3. c3 dxc3 4. Nxc3 Nc6 5. Bc4 e6 6. Nf3 a6 7. O-O Nge7 8.
Be3 b5 9. Bb3 Bb7 10. Rc1 Rc8 11. Qd2 Ng6 12. Rfd1 Be7 13. h3 Na5 14. Bg5 Nxb3
15. axb3 f6 16. Be3 b4 17. Na2 Rxc1 18. Nxc1 1-0

[Event "Let's Play Chess!"]
[Site "http://www.queenalice.com/game.php?id=519786"]
[Date "2009.1.9"]
[Round "-"]
[White "Zhara"]
[Black "microcephalec"]
[Result "0-1"]
[WhiteElo "1909"]
[BlackElo "1828"]

1. e4 e5 2. Nf3 Nc6 3. Bb5 d6 4. d4 a6 5. Bxc6+ bxc6 6. dxe5 f6 7. exf6 Nxf6 8.
O-O Be7 9. Nc3 O-O 10. Nd4 Qe8 11. Qd3 Rb8 12. Qc4+ d5 13. Qxc6 Qg6 14. Nxd5 Bd8
15. e5 Bh3 16. Nf4 Qg5 0-1